[Event "La Fere op"]
[Site "La Fere"]
[Date "2010.07.08"]
[Round "7"]
[White "Guille, Nicolas"]
[Black "Duquenne, Eddy"]
[Result "0-1"]
[WhiteElo "1782"]
[BlackElo "1520"]
[PlyCount "78"]
[EventDate "2010.07.03"]
[EventType "swiss"]
[EventRounds "9"]
[EventCountry "FRA"]
[SourceTitle "CBM 137 Extra"]
[Source "ChessBase"]
[SourceDate "2010.09.01"]
[SourceVersion "1"]
[SourceVersionDate "2010.09.01"]
[SourceQuality "1"]

1. e4 c5 2. Nf3 d6 3. d4 cxd4 4. Nxd4 Nc6 5. Bb5 Bd7 6. 0-0 g6 7. Nxc6 bxc6 8. Bc4 Bg7 9. c3 Nf6 10. Re1 Qc7 11. Bf4 Ng4 12. Qf3 0-0 13. Qg3 Rab8 14. Bb3 Qa5 15. Nd2 Ne5 16. Rad1 c5 17. Bxe5 Bxe5 18. f4 Bg7 19. Nc4 Qc7 20. e5 d5 21. Rxd5 Be6 22. Rd3 a5 23. a4 Rxb3 24. Nd2 Rxb2 25. Nf3 Bf5 26. Rdd1 c4 27. h4 Qc6 28. Nd4 Qb6 29. Kh2 Bd3 30. h5 gxh5 31. Qg5 Qg6 32. Nf3 Rb6 33. Rg1 Bh6 34. Qxe7 Bxf4+ 35. Kh1 Be3 36. Nh4 Qe6 37. Nf5 Qxf5 38. g4 Be4+ 39. Rg2 Bxg2+ 0-1